Alle Ausfahrten der Weinviertler Schnellstraße (S3) - Statistiken

Allgemein
  • Dieses Quiz wurde 53 mal gespielt
  • Das Durchschnittsergebnis liegt bei 8 aus 11
Antwortstatistiken
km Bz. Ausfahrt % Korrekt
22,5 HL Hollabrunn-Mitte
91%
25,5 HL Hollabrunn-Nord
91%
21,2 HL Hollabrunn-Süd
91%
0,0 KO Stockerau
91%
1,0 KO Stockerau-Nord
91%
6,2 KO Sierndorf
74%
35,1 HL Guntersdorf
70%
14,6 HL Göllersdorf
61%
31,2 HL Wullersdorf
52%
9,9 KO Obermallebarn
30%
16,6 HL Großstelzendorf
22%
Keine übereinstimmenden Quizze gefunden
Verteilung der Resultate
Anzahl Personen mit jedem Resultat
Perzentil nach korrekt beantworteten Fragen
Ihre Resultats-Entwicklung
Sie haben dieses Quiz noch nicht gespielt